000 00318 a2200157 4500
001 161622
020 _a
040 _cMagnum
100 _aNicolelis, Giselda Laporta
240 1 0 _aDe volta a vida
_lpor
245 1 0 _aDe volta a vida
362 0 _a1899
440 1 _aModerna
697 _aJ/DROGAS
942 _cBK
999 _c161622
_d161622